Ročenka dopravy, pôšt a telekomunikácií 2014

Guardado en:
Detalles Bibliográficos
Formato: Libro
Lenguaje:eslovaco
inglés
Publicado: Bratislava Štatistický úrad Slovenskej republiky 2014
Colección:Odvetvové štatistiky
Materias:
Etiquetas: Agregar Etiqueta
Sin Etiquetas, Sea el primero en etiquetar este registro!

MARC

LEADER 00000nlm$a2200000$$$4500
001 0209878
005 20251209133230.7
020 |a 978-80-8121-328-1 
041 0 |a slo 
041 0 |a eng 
044 |a SK 
245 1 0 |a Ročenka dopravy, pôšt a telekomunikácií 2014 
264 1 |a Bratislava  |b Štatistický úrad Slovenskej republiky  |c 2014 
300 |a online [131 s.] 
490 1 |a Odvetvové štatistiky 
830 0 |a Odvetvové štatistiky 
500 |a Zdroj dokumentu: Štatistický úrad SR 
610 2 0 |a Slovensko 
610 2 0 |a doprava 
610 2 0 |a pošty 
610 2 0 |a telekomunikácie 
610 2 0 |a zamestnanosť 
610 2 0 |a mzdy